| 000 | 00000nas 2200000zi 4500 |
| 001 | 9.873718 |
| 003 | CaOODSP |
| 005 | 20240402101729 |
| 006 | m o d f |
| 007 | cr ||||||||||| |
| 008 | 190528d19691996oncar p o f0###a0eng|d |
| 040 | |aCaOODSP|beng|erda|cCaOODSP |
| 043 | |an-cn--- |
| 086 | 1 |aId39-1E-PDF |
| 245 | 00|aCanadian chemical register. |
| 264 | 1|aOttawa : |bChemicals Branch, Department of Industry, Trade and commerce. |
| 310 | |aAnnual |
| 336 | |atext|btxt|2rdacontent |
| 337 | |acomputer|bc|2rdamedia |
| 338 | |aonline resource|bcr|2rdacarrier |
| 362 | 1 |aBegan with : 1969? Ceased with : 1996? |
| 500 | |aIssued also in French under title: Répertoire des produits chimiques canadiens. |
| 500 | |aDigitized edition from print [produced by Innovation, Science and Economic Development Canada]. |
| 500 | |aSuspended in 1970, 1973, 1974. |
| 505 | 0 |aVolume 1, Manufacturers; volume 2, Chemicals. |
| 515 | |aIssued 1986/87-1996 in 2 volumes. |
| 550 | |aPublished 1988-1992 by Chemicals Directorate, Industry, Science and Technology Canada; 1993-1996 by Industry Canada, Chemicals & Bio-industries Branch. |
| 650 | 0|aChemical industry|zCanada|vDirectories. |
| 655 | 7|aDirectories|2lcgft |
| 710 | 1 |aCanada. |bDepartment of Industry, Trade and Commerce. |
| 710 | 1 |aCanada. |bIndustry, Science and Technology Canada. |
| 710 | 1 |aCanada. |bIndustry Canada. |
| 775 | 08|tRépertoire des produits chimiques canadiens.|w(CaOODSP)9.873723 |